000 01106nam a2200337 a 4500
999 _c249
_d249
001 017122797
003 UkOxU
005 20190802112302.0
008 090831r20102009enk 001 0 eng d
015 _aGBA992158
_2bnb
020 _a9780099524052 (pbk.)
020 _a0099524058 (pbk.)
035 _a(Uk)015375731
035 _a(StEdALDL)1/2227743
040 _aStDuBDS
_beng
_cStDuBDS
082 0 4 _a338.927 STE
_222
100 1 _aStern, N. H.
_q(Nicholas Herbert)
_eauthor
245 1 2 _aA blueprint for a safer planet :
_bhow we can save the world and create prosperity /
_cNicholas Stern.
260 _aLondon :
_bVintage,
_c2010.
300 _ax, 246 p. ;
_c20 cm.
500 _aOriginally published: London: Bodley Head, 2009.
504 _aIncludes bibliographical references and index.
650 0 _aGlobal warming.
650 0 _aCarbon dioxide mitigation.
650 0 _aEnvironmental economics.
650 0 _aSustainable development.
650 0 _aClimatic changes
_xRisk management.
942 _2ddc
_cNFIC